Co to za ryba? - Statystyki

Ogólne statystyki
  • Ten quiz został rozwiązany 1 065 razy
  • Średni wynik to 10 z 15
Statystyki odpowiedzi
Obrazkowy Odpowiedź % Poprawnych
Szczupak
95%
Sum
88%
Okoń
83%
Karp
82%
Jesiotr
78%
Pstrąg
75%
Płoć
73%
Lin
72%
Leszcz
66%
Sandacz
66%
Łosoś
51%
Jazgarz
36%
Makrela
36%
Piskorz
30%
Śledź
26%
Nie znaleziono quizów pasujących do podanych kryteriów
Rozkład punktacji
Procent ludzi z każdym wynikiem
Percentyl według liczby udzielonych odpowiedzi
Twoja historia wyników
Nie rozwiązałeś tego quizu